| 000 | 00544nam a2200217 a 4500 | ||
|---|---|---|---|
| 005 | 20240924065455.0 | ||
| 008 | 991125s1993 mx 000 0 spa u | ||
| 020 | _a968637213X | ||
| 035 | _aUPN01000019080 | ||
| 049 | _aCG | ||
| 050 | 4 | _aRG551 E42 | |
| 245 | 0 | 0 | _aEmbarazo parto y postparto |
| 260 |
_aMéxico : _bFuturo lector, _c1993 |
||
| 300 |
_a159 p. : _bil., col. |
||
| 440 | 0 | _aFamilia y salud | |
| 650 | 2 |
_aEmbarazo _913356 |
|
| 650 | 4 |
_aObstetricia _923520 |
|
| 650 | 4 |
_aPARTO _913358 |
|
| 904 |
_aAC _b019081 |
||
| 905 | _aLibro | ||
| 999 |
_c19080 _d19080 |
||